Macron ou Sarkozy ? - Statistiques

Statistiques générales
  • Ce quiz a été pris 589 fois
    174 depuis la dernière actualisation
  • Le résultat moyen est 9 sur 15
Statistiques - réponses
Question Réponse % Correct
A été président de la république Les deux
99%
A fait plusieurs mandats de président de la république Macron
89%
A dépassé l'âge de la retraite Sarkozy
87%
A eu un premier ministre d'un âge record Macron
81%
A été ministre de l'intérieur Sarkozy
74%
Est aimé par 45% des français ou plus Aucun
67%
A un cousin très connu sur JetPunk Aucun
60%
A déja serré la main du Quizmaster Aucun
58%
Son/sa premier/e ministre qui a utilisé l'article 49.3 de la constitution française Macron
56%
Est chrétien et l'affirme Sarkozy
54%
Est né à Paris Sarkozy
52%
A fait une réforme des retraites Les deux
50%
Mesure plus d'un mètre 65 Les deux
26%
Porte souvent des lunettes de vue Sarkozy
13%
A déja été sous bracelet électronique Aucun
1%
Aucun quiz correspondant
Distribution des résultats
% des personnes avec chaque résultat
Percentile par nombre de réponses
Votre historique - résultats
Vous n’avez pas pris ce quiz depuis la dernière actualisation